[Event "Bottom-Half Class U1900"]
[Site "Warren, MI"]
[Date "2003.06.22"]
[Round "4.5"]
[White "West, Tony"]
[Black "Moroney, Timothy"]
[Result "1/2-1/2"]
[WhiteElo "1782"]
[BlackElo "1720"]
[PlyCount "76"]
[EventDate "2003.06.21"]

1. e4 e5 2. Nf3 Nc6 3. Bc4 Bc5 4. O-O Nf6 5. d3 d6 6. c3 Bg4 7. Be3 O-O 8. Bb3
Bxe3 9. fxe3 d5 10. exd5 Nxd5 11. Qe2 e4 12. dxe4 Nf6 13. Nbd2 Re8 14. Rad1 Qe7
15. h3 Bh5 16. Qf2 Rad8 17. Rde1 Ne5 18. Nxe5 Qxe5 19. Nf3 Qxe4 20. Ng5 Qe5 21.
Qh4 h6 22. Rxf6 Qxg5 23. Qxg5 hxg5 24. Rf5 Bg6 25. Rxg5 Kh7 26. Rg3 Rd2 27. Rf3
f6 28. Rf2 Red8 29. Ree2 Rxe2 30. Rxe2 Be4 31. Kf2 Kg6 32. Bc2 Kf5 33. Bb3 Ke5
34. g4 g5 35. Kg3 c6 36. Rh2 Rd3 37. Re2 Rd8 38. Rh2 Rd3 1/2-1/2

[Event "Bottom-Half Class U1900"]
[Site "Warren, MI"]
[Date "2003.06.22"]
[Round "5.1"]
[White "Vandivier, Don"]
[Black "Dupuis, Erik"]
[Result "1-0"]
[WhiteElo "1883"]
[BlackElo "1822"]
[Annotator "Don Vandivier"]
[PlyCount "69"]
[EventDate "2003.06.21"]

{Sicilian: Pelikan I have a short story to tell about this game. There I was
sitting on board 1 in the last round and I only needed a draw to win the
tournament. Nobody could catch me if I could only draw... Well, I was paired
with White against Erik Dupuls, an opponent whom I did not know (Editor's Note:
Erik is from Illinois). However, I had watched some of his games and he easily
rolled most of his opponents. "GEEZ", I thought to myself, "I hope I don't
blow my last game. I'll just play a safe game and take a draw. "} 1. e4 c5 2.
Nf3 Nc6 3. d4 cxd4 4. Nxd4 Nf6 5. Nc3 e5 {The Pelikan! <GASP!> I hate playing
against this line! How did he know that!? So then I slank down in my seat and
began to try to remember how this crazy line went. I begin moving the pieces
around in my mind to remember the critical moves that I must make in this line.
..} 6. Ndb5 d6 (6... d6 {And now I remember the variation} 7. Bg5 a6 8. Bxf6
gxf6 9. Na3 {and then... OH MY GOSH! I got crushed in this line once because
of sharp play by Black. Anyone who has studied the Pelikan and still wants to
play it MUST know all the shots White can take... so I decided that I must NOT
play the most aggressive line. I'll just play something that is unusual and
doesn't allow Black aggressive counterplay. I looked at the position before me,
and regardless of any "book knowledge" I might have, I should assume that my
opponent was more prepared for this line than I. Therefore, my best choice is
to throw out those old memories of lines and just "play chess".}) 7. Nd5 $5 {
I didn't know a thing about this line, but it appeared to keep Black from
launching a violent counter-attack, and thus maintain control of the game.}
Nxd5 8. exd5 Ne7 9. c4 {The obvious move in this position. While I waited for
my opponent to move I suddenly realized that he didn't have any real good
moves.} (9. c4 {For example, if he were to play} a6 $2 10. Qa4 $1 {wins at
leas t the exchange! The more I looked at the position, the more I realized
that Black has a terrible game in this line.}) 9... g6 $2 10. Qa4 $3 Qd7 11.
Nxd6+ Kd8 {DIAGRAM And now my opponent offers me a draw! WHOA! I have heard
that some Grandmasters have given draws to other GM's in tournaments when the
draw doesn't hurt them from winning the money, and it allows their opponent to
place... But THAT is when both parties are playing for a draw. Anyone who has
the gull to play the Pelikan is NOT playing for a draw! So I simply said, "Not
in this position". Besides, I have the responsibility to the other players in
our class to play fairly in this game.} 12. Nxf7+ Ke8 13. Qxd7+ Bxd7 14. Nxh8
Bg7 15. Nxg6 Nxg6 16. Bd3 Nf4 17. Bxf4 exf4 18. O-O-O Rc8 19. Kb1 h6 20. Rhe1+
Kf7 21. Re4 Kg8 22. Rxf4 Re8 23. Re4 Rf8 24. Re7 {Being the exchange and 4
pawns down, Black should resign.} Bc8 25. Rde1 Bf5 26. Bxf5 Rxf5 27. f3 Rf4 28.
R1e4 Rf6 29. Rxb7 a5 30. Ree7 Bf8 31. Re8 Rf4 32. Rbb8 Kg7 33. Rxf8 Rxf8 34.
Rxf8 Kxf8 35. Kc2 {And Black finally resigns.} 1-0

[Event "Bottom-Half Class Top Section"]
[Site "Warren, MI"]
[Date "2003.06.22"]
[Round "4.2"]
[White "Szpisjak, Steve"]
[Black "Davidovich, Manis"]
[Result "1-0"]
[WhiteElo "2200"]
[BlackElo "2101"]
[PlyCount "118"]
[EventDate "2003.06.21"]

1. d4 d5 2. Nf3 e6 3. c4 Nf6 4. Nc3 c5 5. cxd5 cxd4 6. Qa4+ Bd7 7. Qxd4 exd5 8.
Bg5 Nc6 9. Bxf6 gxf6 10. Qxd5 Qb6 11. Qb5 Qc7 12. e3 Nb4 13. Qe2 O-O-O 14. a3
Bb5 15. Qxb5 Nc2+ 16. Ke2 Nxa1 17. g3 Kb8 18. Bg2 a6 19. Qa4 b5 20. Nxb5 Qc2+
21. Qxc2 Nxc2 22. Nc3 Bh6 23. Rc1 Nd4+ 24. Nxd4 Rxd4 25. Nd5 Rd8 26. Rc5 Rg4
27. Nxf6 Rg6 28. Nd5 Rgd6 29. b4 Bf8 30. Ra5 R8d7 31. e4 Be7 32. f4 Rc6 33. Kd3
Rh6 34. h3 Bd8 35. Rc5 Bb6 36. Rc4 Rg6 37. g4 f5 38. exf5 Rgd6 39. g5 Rxd5+ 40.
Bxd5 Rxd5+ 41. Ke4 Rd8 42. g6 Re8+ 43. Kd5 Rg8 44. Rc6 Bc7 45. Ke6 hxg6 46. Kf7
Rd8 47. fxg6 Bxf4 48. g7 Rd7+ 49. Kg6 Rd8 50. h4 Be5 51. h5 Kb7 52. Re6 Bxg7
53. Kxg7 Rd7+ 54. Kg6 Rd3 55. h6 Rxa3 56. h7 Rg3+ 57. Kf7 Rf3+ 58. Kg7 Rg3+ 59.
Rg6 Rh3 1-0

[Event "Bottom-Half Class Top Section"]
[Site "Warren, MI"]
[Date "2003.06.22"]
[Round "5.2"]
[White "Sudharsan, Krishnan"]
[Black "Szpisjak, Steve"]
[Result "1-0"]
[WhiteElo "2006"]
[BlackElo "2200"]
[PlyCount "87"]
[EventDate "2003.06.21"]

1. d4 Nf6 2. c4 e6 3. Nf3 Bb4+ 4. Bd2 Qe7 5. g3 Nc6 6. Bg2 Bxd2+ 7. Qxd2 Ne4 8.
Qc2 Qb4+ 9. Kf1 d5 10. cxd5 exd5 11. a3 Qe7 12. Nc3 Nxc3 13. Qxc3 O-O 14. Rc1
Bf5 15. e3 Rad8 16. b4 a6 17. Nd2 Kh8 18. Nb3 Bc8 19. h4 f6 20. Nc5 Rf7 21.
Nxa6 g5 22. Nxc7 Qxc7 23. b5 Rd6 24. Qa1 Qa5 25. bxc6 Rxc6 26. Rxc6 bxc6 27.
Kg1 gxh4 28. Rxh4 Ra7 29. Qc1 Bd7 30. e4 Qxa3 31. Qf4 Qe7 32. Qb8+ Be8 33. exd5
cxd5 34. Bxd5 Ra1+ 35. Kg2 Re1 36. Bc6 Qe2 37. Qxe8+ Qxe8 38. Bxe8 Rxe8 39. Rg4
h6 40. Kf3 Kh7 41. d5 h5 42. Rd4 Kg6 43. Kf4 Kf7 44. d6 1-0

[Event "Bottom-Half Class U1900"]
[Site "Warren, MI"]
[Date "2003.06.22"]
[Round "5.2"]
[White "Stefanski, Mark"]
[Black "Garrison, Ray"]
[Result "0-1"]
[WhiteElo "1871"]
[BlackElo "1887"]
[PlyCount "70"]
[EventDate "2003.06.21"]

1. e4 Nf6 2. Nc3 d6 3. Bc4 e6 4. Bb3 d5 5. exd5 exd5 6. d4 c6 7. Nf3 Bd6 8. O-O
O-O 9. Ne2 Qc7 10. Ng3 Ne4 11. c3 Nxg3 12. hxg3 Bf5 13. Bc2 Bxc2 14. Qxc2 Nd7
15. Bg5 Rae8 16. Rfe1 h6 17. Bd2 Nf6 18. Rad1 Ne4 19. Bc1 Re6 20. Nd2 Rfe8 21.
Nxe4 Rxe4 22. Rxe4 Rxe4 23. Kf1 Qe7 24. Qd2 Qf6 25. Qd3 Qf5 26. Qf3 Qg6 27. Rd3
Re6 28. Bf4 Bxf4 29. gxf4 Re4 30. f5 Qg5 31. g3 Qc1+ 32. Kg2 Qxb2 33. Qh5 Qxa2
34. f6 Qe2 35. Rf3 Re3 0-1

[Event "Bottom-Half Class U1900"]
[Site "Warren, MI"]
[Date "2003.06.22"]
[Round "4.3"]
[White "Stefanski, Mark"]
[Black "Farmand, Farnood"]
[Result "1/2-1/2"]
[WhiteElo "1871"]
[BlackElo "1725"]
[PlyCount "63"]
[EventDate "2003.06.21"]

1. e4 e5 2. Bc4 Nf6 3. Nc3 Nc6 4. d3 Na5 5. Bb3 Nxb3 6. axb3 d5 7. f4 Bg4 8.
Qd2 Bb4 9. fxe5 Nh5 10. exd5 Bxc3 11. bxc3 Qxd5 12. h3 Qxe5+ 13. Qe3 Qxe3+ 14.
Bxe3 Bd7 15. Rxa7 Rxa7 16. Bxa7 b6 17. c4 O-O 18. c5 b5 19. Kf2 Ra8 20. c6 Bxc6
21. Bd4 Ra2 22. Ne2 Rxc2 23. Rc1 Rxc1 24. Nxc1 f6 25. Ne2 f5 26. Be5 Bd5 27.
Nc3 Bxb3 28. Nxb5 c5 29. Nd6 g5 30. g4 fxg4 31. hxg4 Ng7 32. Ne4 1/2-1/2

[Event "Bottom-Half Class U1700"]
[Site "Warren, MI"]
[Date "2003.06.22"]
[Round "4.2"]
[White "Steen, Harold"]
[Black "Fick II, Douglas"]
[Result "1/2-1/2"]
[WhiteElo "1605"]
[BlackElo "1657"]
[PlyCount "160"]
[EventDate "2003.06.21"]

1. d4 Nf6 2. Nf3 g6 3. e3 Bg7 4. Bd3 d6 5. Nbd2 O-O 6. c3 Nbd7 7. O-O c5 8. Qe2
a6 9. e4 cxd4 10. cxd4 e5 11. d5 Nc5 12. Bc2 Nh5 13. b4 Nxe4 14. Nxe4 f5 15.
Rb1 fxe4 16. Bxe4 Nf6 17. Ng5 Nxe4 18. Nxe4 h6 19. a3 Bf5 20. f3 Rc8 21. Be3
Bxe4 22. fxe4 h5 23. Qd2 Qd7 24. h3 Qa4 25. Qd3 Bf6 26. Bh6 Rf7 27. Qg3 Kh7 28.
Qe3 Qd7 29. Rf3 Bg7 30. Rxf7 Qxf7 31. Rf1 Qc7 32. Bxg7 Qxg7 33. Qf3 Rc7 34. Qf8
Qxf8 35. Rxf8 Rc3 36. Rf7+ Kh6 37. Rxb7 Rxa3 38. Rb6 Rb3 39. Rxa6 Rxb4 40. Rxd6
Rxe4 41. Re6 Rd4 42. Rxe5 Kg7 43. Kf2 Kf6 44. Re6+ Kf7 45. Rd6 Ke7 46. Ke3 Rd1
47. Rxg6 Rxd5 48. Ke4 Ra5 49. Kf4 Kf7 50. Rg5 Ra4+ 51. Kg3 h4+ 52. Kh2 Ra8 53.
Rg4 Rh8 54. Kg1 Kf6 55. Kf2 Kf5 56. Kf3 Rh7 57. Rg8 Rh6 58. Ra8 Rb6 59. Ra5+
Kg6 60. Ra4 Kg5 61. Rg4+ Kh5 62. Kf4 Rb4+ 63. Kf5 Rb5+ 64. Kf6 Rb6+ 65. Ke5
Rb5+ 66. Kf4 Rb4+ 67. Kf3 Rb3+ 68. Kf2 Rb2+ 69. Kg1 Rb1+ 70. Kh2 Ra1 71. Rb4
Kg5 72. Rb2 Ra3 73. Rb1 Kf4 74. Rf1+ Kg5 75. Rg1 Rg3 76. Rf1 Ra3 77. Rf3 Ra2
78. Rb3 Kh5 79. Rb1 Ra3 80. Rg1 Rg3 1/2-1/2

[Event "Bottom-Half Class U1300"]
[Site "Warren, MI"]
[Date "2003.06.22"]
[Round "2.4"]
[White "Smith, Glenn"]
[Black "McShan, Kwame"]
[Result "1-0"]
[WhiteElo "1289"]
[BlackElo "996"]
[Annotator "Tim McGrew"]
[PlyCount "35"]
[EventDate "2003.06.21"]

{French: Labourdonnais} 1. e4 e6 2. f4 $6 {Not a good decision when Black is
prepared to hit back with ...d5. White can come to grief on the open dark
diagonal.} d5 3. e5 c5 4. Nf3 Qb6 5. Nc3 Bd7 6. d4 cxd4 7. Nxd4 Bc5 8. Be3 {
DIAGRAM} Qxb2 $6 {Black can actually get away with this, but there is no need
for him to wrestle with the resulting tactics. The old bit of advice about not
capturing your opponent's b-pawn is a bit of an overstatement, but not much!} (
8... Nc6 {is simpler and stronger, keeping the threat of a capture on b2
hanging over White's head. As Nimzowitsch taught, the threat is often stronger
than the execution!}) 9. Ncb5 Qb4+ $2 {Black naturally wants to extract the
queen as quickly as possible, but this decision turns out to be tactically
flawed.} ({The right move is} 9... Bxb5 10. Bxb5+ (10. Nxb5 $2 Bxe3 11. Nc7+
Kd8 12. Nxa8 Qc3+ 13. Ke2 Bd4 $1 {and White has no time for} 14. Rb1 {because
of} Qe3#) 10... Nc6 11. Rb1 Qc3+ 12. Qd2 Qxd2+ 13. Kxd2 Nge7 14. Bxc6+ bxc6 15.
Rb7 {White's active rook compensates for Black's extra pawn.}) 10. c3 Qa5 11.
Nb3 $1 {The fork picks up a piece.} Qd8 12. Bxc5 a6 $2 {Compounding Black's
woes by driving this knight where it wants to go anyway.} (12... Bxb5 {was
mandatory, though Black's position is unenviable.}) 13. Nd6+ Kf8 14. Nxb7+ Qe7
15. Bxe7+ Kxe7 16. Qg4 g6 17. Qh4+ f6 18. N3c5 1-0

[Event "Bottom-Half Class U1300"]
[Site "Warren, MI"]
[Date "2003.06.22"]
[Round "4.3"]
[White "Sebring, Tommy"]
[Black "Dupuis, Brian"]
[Result "0-1"]
[WhiteElo "842"]
[BlackElo "1223"]
[PlyCount "109"]
[EventDate "2003.06.21"]

1. e4 c6 2. Nf3 d5 3. exd5 cxd5 4. d4 Bg4 5. Bb5+ Nc6 6. Bxc6+ bxc6 7. O-O e6
8. Bf4 h6 9. Nc3 Bd6 10. Bxd6 Qxd6 11. h3 Bh5 12. Qe1 Ne7 13. Qe5 Qxe5 14. Nxe5
f6 15. Nd3 g5 16. Nc5 Kf7 17. Rae1 Nf5 18. Nxe6 Nxd4 19. Nxd4 Bg6 20. Nxc6 Bxc2
21. Nxd5 Bd3 22. Re7+ Kg6 23. Rd1 Bb5 24. Nxa7 Bc4 25. a3 Rad8 26. Rc7 Bxd5 27.
Nc6 Bxc6 28. Rxd8 Rxd8 29. Rxc6 Rd1+ 30. Kh2 Rd2 31. b4 Rxf2 32. a4 Kf7 33. Rc3
Rf4 34. Rc7+ Ke8 35. b5 Rxa4 36. b6 Kd8 37. Ra7 Rb4 38. b7 Kc7 39. Kg3 h5 40.
Kf3 Kb8 41. Ra8+ Kxb7 42. Rf8 Rf4+ 43. Kg3 h4+ 44. Kh2 Kc7 45. Rf7+ Kd6 46. Rf8
Ke5 47. Re8+ Kf5 48. Rb8 Rf2 49. Rb3 Ke4 50. Rf3 Rxf3 51. gxf3+ Kxf3 52. Kg1
Kg3 53. Kf1 Kxh3 54. Kg1 Kg3 55. Kh1 0-1

[Event "Bottom-Half Class U1700"]
[Site "Warren, MI"]
[Date "2003.06.22"]
[Round "4.5"]
[White "Samuel, Roland"]
[Black "Dillabough, Tracey"]
[Result "0-1"]
[WhiteElo "1608"]
[BlackElo "1593"]
[PlyCount "44"]
[EventDate "2003.06.21"]

{"Please Publish in Chess Magazine Thank You"} 1. e4 g6 2. d4 Bg7 3. c4 c5 4.
d5 d6 5. Nc3 Nf6 6. f3 O-O 7. Be3 Na6 8. Qd2 Re8 9. Nge2 Nc7 10. Bh6 Bh8 11. h4
e6 12. O-O-O exd5 13. cxd5 b5 14. Nf4 b4 15. Nb5 Nxb5 16. Bxb5 Qa5 17. Bxe8
Qxa2 18. Bxf7+ Kxf7 19. Qc2 Bd7 20. Kd2 Ba4 21. b3 Nxe4+ 22. fxe4 Bc3+ 0-1

[Event "Bottom-Half Class U1700"]
[Site "Warren, MI"]
[Date "2003.06.22"]
[Round "4.4"]
[White "Robertson, John"]
[Black "Griffin, Mike"]
[Result "1-0"]
[WhiteElo "1623"]
[BlackElo "1601"]
[PlyCount "47"]
[EventDate "2003.06.21"]

{"Good Game!"} 1. e4 Nf6 2. e5 Nd5 3. d4 d6 4. c4 Nb6 5. Nf3 Bg4 6. exd6 exd6
7. h3 Bh5 8. Nc3 Be7 9. Be3 N8d7 10. Bd3 O-O 11. g4 Bg6 12. Qd2 Bxd3 13. Qxd3
Re8 14. O-O-O c5 15. d5 h6 16. h4 a6 17. Ne4 Qc7 18. h5 f6 19. Rdg1 Qd8 20. g5
fxg5 21. Bxg5 Bxg5+ 22. Nexg5 Nf6 23. Ne6 Qe7 24. Rxg7+ 1-0

[Event "Bottom-Half Class U1700"]
[Site "Warren, MI"]
[Date "2003.06.22"]
[Round "4.10"]
[White "Poniatowski, Don"]
[Black "Dillabough, Troy"]
[Result "0-1"]
[WhiteElo "1350"]
[BlackElo "1494"]
[PlyCount "44"]
[EventDate "2003.06.21"]

1. e4 e5 2. d4 exd4 3. c3 dxc3 4. Nxc3 Bb4 5. Nf3 Nf6 6. e5 Ne4 7. Qd4 Bxc3+ 8.
bxc3 d5 9. Qa4+ c6 10. Bb2 Qb6 11. Qc2 Bf5 12. Qe2 Nd7 13. Nd4 Bg6 14. f3 Nec5
15. Bc1 Nd3+ 16. Kd1 Qa5 17. Kd2 O-O 18. Qe3 N7xe5 19. Bxd3 Nxd3 20. Nb3 Qc7
21. Nc5 Rfe8 22. Qd4 Nf4 0-1

[Event "Bottom-Half Class Top Section"]
[Site "Warren, MI"]
[Date "2003.06.22"]
[Round "5.1"]
[White "Obukhov, Dmitriy"]
[Black "Finegold, Ben"]
[Result "0-1"]
[WhiteElo "2030"]
[BlackElo "2631"]
[Annotator "Tim McGrew"]
[PlyCount "48"]
[EventDate "2003.06.21"]

{Queen's Gambit: Baltic} 1. d4 d5 {What -- no Benoni!?} 2. c4 Bf5 {The Baltic
efense had a spurt of popularity in the 1980's when Dolmatov played it in a
candidates match against Yusupov.} 3. Nc3 {Not bad if followed up properly.} (
3. cxd5 {is widely regarded as the acid test of this variation. White obtains
the two bishops almost by force and Black has to struggle to prove that he has
adequate play, e.g.} Bxb1 (3... Qxd5 $2 4. Nc3 {gives White an excellent
center for free.}) 4. Qa4+ c6 5. Rxb1 $1 ({Or even} 5. dxc6 $5 Nxc6 6. Rxb1
Qxd4 {when only Igor Rausis seems to believe in Black's position.}) 5... Qxd5
6. f3 {and even Ben Finegold would have to work a bit to generate play for
Black against the coming e4.}) 3... e6 {Ben knows his stuff. Though Black
intends ...c6, it can't be played right now.} (3... c6 $6 4. cxd5 cxd5 5. Qb3
$1 {is embarrassing, as Marshall explained to Tennenwurzel in their encounter
in New York, 1911 (1-0, 24).}) 4. cxd5 $6 {But this lets Black off the hook,
transposing into an innocuous line of the Exchange Variation of the Queen's
Gambit Declined.} (4. Qb3 {is the resolute way to play this variation and
leads to immediate complications when Black takes up the challenge with} Nc6 $5
{, a move introduced in the game Schelfhout-Lasker, Scheveningen 1913. White
can only play this line if he really knows what he is doing since his path is
strewn with traps, e.g. 5. Qxb7? Nxd4! -+ or 5.Nf3?! Nb4! with serious
counterplay for Black.}) 4... exd5 5. Nf3 c6 6. Bf4 Nf6 7. e3 Qb6 {Black is
already taking charge of the position.} 8. Qb3 Nbd7 9. Qxb6 axb6 {Ben will
make excellent use of the open a-file in the sequel.} 10. Ne5 Bb4 11. Nxd7 Kxd7
{Of course: the king stays in the center for the coming endgame.} 12. f3 Ra3 $5
{Cute!} 13. O-O-O Ra5 14. g4 Bg6 15. h4 {This sort of avalanche is usually
just a momentary annoyance.} h6 16. Rh2 {Indirectly defending the a-pawn since
Black threatened ...Bxc3 and ...Rxa2.} Rha8 {But the threat is renewed.} 17.
Rdd2 $2 Rxa2 {There goes the pawn after all.} 18. Nxa2 Rxa2 19. Bd3 Bxd2+ 20.
Rxd2 Ra1+ 21. Kc2 Rf1 $1 {Neatly exploiting the pin on the Bd3. Now Black will
mop up some more pawns.} 22. Bxg6 fxg6 23. g5 hxg5 24. hxg5 Nh5 0-1

[Event "Bottom-Half Class U1900"]
[Site "Warren, MI"]
[Date "2003.06.22"]
[Round "4.6"]
[White "Matias, I.C."]
[Black "Balan, Alex"]
[Result "1-0"]
[WhiteElo "1745"]
[BlackElo "1852"]
[PlyCount "80"]
[EventDate "2003.06.21"]

1. d4 f5 2. Nf3 e6 3. g3 Nf6 4. Bg2 d5 5. O-O c6 6. c4 Bd6 7. Qc2 O-O 8. Bf4
Be7 9. Nbd2 Ne4 10. Ne1 Bf6 11. Rd1 Nd6 12. e3 g5 13. Be5 Bxe5 14. dxe5 Nf7 15.
f4 g4 16. Nb3 Na6 17. cxd5 cxd5 18. Nd3 b6 19. Nd4 Bd7 20. b4 Rc8 21. Qb3 Rc4
22. Nxf5 Qc7 23. Rc1 b5 24. Nd4 Nh6 25. a3 Kg7 26. Qb2 Qb6 27. Qe2 Kh8 28. Nb2
Rxc1 29. Rxc1 Rc8 30. Rxc8+ Bxc8 31. Qxb5 Qxb5 32. Nxb5 Nf5 33. Kf2 Bd7 34.
Nxa7 Kg7 35. Bf1 Nb8 36. b5 Kf8 37. Nd3 Ke7 38. Nc5 Kd8 39. Nxd7 Nxd7 40. Nc6+
Kc7 {Remainder illegible, 46?} 1-0

[Event "Bottom-Half Class U1700"]
[Site "Warren, MI"]
[Date "2003.06.22"]
[Round "5.9"]
[White "Li, Derek"]
[Black "Asbury, Victor"]
[Result "0-1"]
[WhiteElo "1380"]
[BlackElo "1587"]
[PlyCount "120"]
[EventDate "2003.06.21"]

1. e4 c5 2. Nf3 Nc6 3. d4 cxd4 4. Nxd4 g6 5. Nc3 Bg7 6. Be3 Nf6 7. Bc4 O-O 8.
Qd2 Ng4 9. Nxc6 bxc6 10. Bf4 Qb6 11. Na4 Qd4 12. Qxd4 Bxd4 13. O-O d6 14. h3
Nxf2 15. Rxf2 Bxf2+ 16. Kxf2 Kg7 17. Nc3 e5 18. Bg5 f6 19. Be3 f5 20. exf5 Bxf5
21. Kg1 Bxc2 22. Rc1 Bf5 23. b3 d5 24. Nxd5 cxd5 25. Bxd5 Rad8 26. Bc4 Bd3 27.
Bxa7 e4 28. Bb6 Rde8 29. a4 Bxc4 30. bxc4 e3 31. Re1 e2 32. g3 Rf3 33. Kg2 Rd3
34. Kf2 Rd2 35. Be3 Ra2 36. Rxe2 Rxa4 37. Bd4+ Kf7 38. Rxe8 Kxe8 39. h4 Rxc4
40. Bf6 Kf7 41. Bg5 Ke6 42. Bf4 Kf5 43. Kf3 Rc3+ 44. Kg2 Kg4 45. Kf2 Rf3+ 46.
Kg2 Rxf4 47. gxf4 Kxf4 48. Kh3 h5 49. Kh2 Kg4 50. Kg2 Kxh4 51. Kf3 g5 52. Kg2
g4 53. Kh2 g3+ 54. Kg2 Kg4 55. Kg1 h4 56. Kg2 h3+ 57. Kg1 g2 58. Kf2 Kf4 59.
Kg1 Kf3 60. Kh2 Kf2 0-1

[Event "Bottom-Half Class U1700"]
[Site "Warren, MI"]
[Date "2003.06.22"]
[Round "4.9"]
[White "Holden, Anthony"]
[Black "Li, Derek"]
[Result "1-0"]
[WhiteElo "1500"]
[BlackElo "1380"]
[PlyCount "99"]
[EventDate "2003.06.21"]

1. d4 Nf6 2. e3 g6 3. Bd3 Bg7 4. c3 O-O 5. h4 d6 6. Nd2 c5 7. f3 cxd4 8. cxd4
Nc6 9. g4 Bd7 10. h5 Re8 11. Qe2 Nb4 12. Bb1 Rc8 13. Nb3 Ba4 14. Bd2 Qb6 15.
Bc3 Bb5 16. Qh2 Nfd5 17. hxg6 hxg6 18. Qd2 Nxc3 19. bxc3 Nd5 20. Ne2 Bxe2 21.
Kxe2 Nxc3+ 22. Kf2 Nxb1 23. Raxb1 Qc7 24. Rbc1 Qd7 25. Qa5 a6 26. Rxc8 Rxc8 27.
Rc1 Rxc1 28. Nxc1 Qc6 29. Nb3 Qc2+ 30. Qd2 Qc7 31. Qc1 Qd7 32. Qc4 b5 33. Qd5
Qc8 34. Na5 Qc2+ 35. Kg3 Bf8 36. Qb3 Qd2 37. Nc6 Qe1+ 38. Kf4 Qh4 39. Nb8 g5+
40. Ke4 Qh7+ 41. Kd5 Qh3 42. e4 Qh6 43. Nxa6 Qe6+ 44. Kc6 Qc8+ 45. Nc7 Bg7 46.
Qxb5 f6 47. Qa6 Qxa6+ 48. Nxa6 f5 49. d5 fxg4 50. fxg4 {Remainder illegible,
60?} 1-0

[Event "Bottom-Half Class U1900"]
[Site "Warren, MI"]
[Date "2003.06.22"]
[Round "5.4"]
[White "Ho, Randy"]
[Black "Matias, I.C."]
[Result "1-0"]
[WhiteElo "1892"]
[BlackElo "1745"]
[PlyCount "53"]
[EventDate "2003.06.21"]

1. e4 c6 2. d4 d5 3. e5 Bf5 4. Nf3 e6 5. Be2 c5 6. Be3 Qb6 7. Nc3 Nc6 8. O-O
cxd4 9. Nxd4 Nxd4 10. Bxd4 Qc7 11. Bb5+ Kd8 12. Bd3 Bxd3 13. cxd3 Ne7 14. Nb5
Qd7 15. Qa4 Nc6 16. Bb6+ axb6 17. Qxa8+ Qc8 18. Qa4 Nxe5 19. Rac1 Nc6 20. f4
Kd7 21. f5 Bc5+ 22. d4 Be7 23. fxe6+ fxe6 24. Rf7 Rg8 25. Na7 Qa8 26. Qa3 Qxa7
27. Rxe7+ 1-0

[Event "Bottom-Half Class Top Section"]
[Site "Warren, MI"]
[Date "2003.06.22"]
[Round "5.4"]
[White "Hartwig, Thomas"]
[Black "LaForge, Tom"]
[Result "1-0"]
[WhiteElo "2155"]
[BlackElo "1907"]
[PlyCount "95"]
[EventDate "2003.06.21"]

1. e4 e6 2. d4 d5 3. Nc3 Nf6 4. e5 Nfd7 5. f4 c5 6. Nf3 Nc6 7. Be3 cxd4 8. Nxd4
Bc5 9. Qd2 Bxd4 10. Bxd4 Nxd4 11. Qxd4 Qb6 12. Qxb6 Nxb6 13. Nb5 Ke7 14. Bd3
Bd7 15. Nd4 Rac8 16. b3 Bc6 17. Kd2 Nd7 18. Rhf1 Nc5 19. g4 h5 20. h3 hxg4 21.
hxg4 Rh2+ 22. Ke3 Rch8 23. Rf3 Rg2 24. f5 Nd7 25. Kf4 g5+ 26. fxg6 fxg6 27. Re1
g5+ 28. Kxg5 Rg8+ 29. Bg6 Rxg6+ 30. Kxg6 Rxg4+ 31. Kh5 Rxd4 32. Rg3 Rf4 33.
Rg7+ Kf8 34. Rg4 Rf5+ 35. Rg5 Ke7 36. Rxf5 exf5 37. e6 Nf8 38. Kg5 Be8 39. Kxf5
Bg6+ 40. Ke5 Bxc2 41. Rc1 Ng6+ 42. Kxd5 Bf5 43. Rc7+ Kf6 44. Rf7+ Kg5 45. Kd6
Nh8 46. Rxf5+ Kxf5 47. e7 Nf7+ 48. Kd5 1-0

[Event "Bottom-Half Class U1700"]
[Site "Warren, MI"]
[Date "2003.06.22"]
[Round "5.8"]
[White "Griffin, Mike"]
[Black "Holden, Anthony"]
[Result "1-0"]
[WhiteElo "1601"]
[BlackElo "1500"]
[PlyCount "78"]
[EventDate "2003.06.21"]

1. d4 d5 2. c4 f5 3. Nc3 dxc4 4. e3 Be6 5. d5 Bf7 6. Bxc4 Nf6 7. Qb3 Qc8 8. Nf3
Nbd7 9. O-O Bh5 10. Nd4 a6 11. f3 Nc5 12. Qc2 Qd7 13. b4 b5 14. Ndxb5 Kd8 15.
bxc5 axb5 16. c6 Qd6 17. Nxb5 Qc5 18. Nd4 Bf7 19. Rd1 Kc8 20. Ba6+ Rxa6 21.
Qxc5 e5 22. Qb5 Rb6 23. Qa5 exd4 24. Rxd4 Bd6 25. Ba3 Bxa3 26. Qxa3 Bxd5 27.
Ra4 Bxc6 28. Ra8+ Bxa8 29. Qxa8+ Rb8 30. Qa6+ Kd8 31. Qe6 c6 32. Qd6+ Nd7 33.
Qxc6 Rb7 34. Rd1 Rc7 35. Rxd7+ Rxd7 36. Qa8+ Ke7 37. Qxh8 Rd1+ 38. Kf2 Rd2+ 39.
Kg3 Kf6 1-0